| 000 | 00872nam a2200277 a 4500 | ||
|---|---|---|---|
| 008 | |||
| 020 | _a0130903000 (pbk.) | ||
| 049 | _aMAIN | ||
| 090 |
_aHF1017 _bBER |
||
| 100 | 1 | _aBerenson, Mark L. | |
| 245 | 1 | 0 |
_aBasic business statistics : _bconcepts and applications / _cMark L. Berenson, David M. Levine [and] Timothy C. Krehbiel. |
| 250 | _a8th ed. | ||
| 260 |
_aEnglewood Cliffs : _bPrentice-Hall, _cc2002. |
||
| 300 |
_axx, 851 p. : _bill. (some col.) ; _c27 cm. |
||
| 504 | _aIncludes bibliographical references. | ||
| 500 | _aIncludes index. | ||
| 650 | 0 | _aStatistics. | |
| 650 | 0 | _aCommercial statistics. | |
| 700 | _aKrehbiel, Timothy C. | ||
| 700 | 1 | _aLevine, David M. | |
| 907 |
_a.b10294004 _b25-07-12 _c30-03-11 |
||
| 003 | |||
| 005 | 20230123125313.0 | ||
| 040 | _cNUST | ||
| 942 |
_cBOOKS _kHF1017 _mBER |
||
| 999 |
_c139233 _d139233 |
||